Whose Moustache is That? #4 - Statistics

General Stats
  • This quiz has been taken 35 times
  • The average score is 7 of 24
Answer Stats
Picture Answer % Correct
William Shakespeare
79%
Vincent Van Gogh
70%
Muammar Gaddafi
67%
Keanu Reeves
61%
Che Guevara
55%
Henry VIII
48%
Ho Chi Minh
42%
Heinrich Himmler
33%
John Malkovich
30%
Charles Bronson
27%
Leon Trotsky
27%
John Waters
24%
George Harrison
21%
Ron Jeremy
21%
Alec Guinness
18%
Charles Manson
18%
Christopher Lee
18%
Lech Walesa
18%
Augusto Pinochet
12%
Duke Ellington
12%
Vincent Price
12%
Clement Attlee
6%
Georges Clemenceau
6%
Rollie Fingers
6%
No matching quizzes found
Score Distribution
Percent of People with Each Score
Percentile by Number Answered
Your Score History
You have not taken this quiz